00340 a2200109 4500001001000000005001700010008004100027245005500068100002000123773007000143999001700213ART_5962820260410161948.0260409a 10aLos servicios discontinuos. Novedades legislativas1 aBlanco, Mariela0 tTemas de derecho laboralg- Año 9, N° 11 (nov. 2023)wREV27619 c30128d30128